Les pays possédants le plus de McDonalds - Statistiques

Statistiques générales
  • Ce quiz a été pris 102 fois
  • Le résultat moyen est 12 sur 14
Statistiques - réponses
Nombre Réponse % Correct
13 557 États-Unis
100%
1 589 France
100%
635 Espagne
98%
6 820 Chine
96%
1 367 Allemagne
95%
1 489 Canada
93%
755 Italie
93%
2 989 Japon
93%
1 489 Royaume-Uni
92%
1 130 Brésil
90%
1 130 Australie
83%
398 Corée du Sud
68%
580 Pologne
67%
377 Afrique du Sud
50%
Aucun quiz correspondant
Distribution des résultats
% des personnes avec chaque résultat
Percentile par nombre de réponses
Votre historique - résultats
Vous n’avez pas pris ce quiz